[Event "World Youth & Cadets Rapid Championships"]
[Site "Rhodes, Greece"]
[Date "2022.05.01"]
[Round "9.25"]
[White "Gibala, Adam"]
[Black "Pawlicz, Filip"]
[Result "1-0"]
[TimeControl "10'/game & 5\"/move"]
[WhiteElo "1603"]
[BlackElo "1446"]

1. e4 {[%clk 00:10:09]} c5 {[%clk 00:10:09]} {[%emt 00:00:02]} 2. Nf3 {[%clk
00:10:13]} Nc6 {[%clk 00:10:13]} 3. d4 {[%clk 00:10:13]} cxd4 {[%clk 00:10:13]}
4. Nxd4 {[%clk 00:10:19]} {[%emt 00:00:05]} g6 {[%clk 00:10:21]} 5. c4 {[%clk
00:10:23]} {[%emt 00:00:03]} Nf6 {[%clk 00:10:24]} 6. Nc3 {[%clk 00:10:27]}
{[%emt 00:00:03]} Nxd4 7. Qxd4 {[%clk 00:10:30]} d6 {[%clk 00:10:31]} {[%emt
00:00:01]} 8. Be3 {[%clk 00:10:31]} {[%emt 00:00:04]} Bg7 {[%clk 00:10:35]}
{[%emt 00:00:02]} 9. Be2 {[%clk 00:10:25]} {[%emt 00:00:11]} O-O {[%clk
00:10:38]} {[%emt 00:00:02]} 10. Qd2 {[%clk 00:10:29]} Bd7 {[%clk 00:10:29]}
{[%emt 00:00:14]} 11. O-O {[%clk 00:10:29]} {[%emt 00:00:05]} a6 {[%clk
00:10:32]} {[%emt 00:00:02]} 12. f3 {[%clk 00:10:26]} {[%emt 00:00:07]} Rb8
{[%clk 00:10:35]} {[%emt 00:00:02]} 13. a4 {[%clk 00:10:24]} {[%emt 00:00:07]}
Qa5 {[%clk 00:10:21]} {[%emt 00:00:19]} 14. Rfe1 {[%clk 00:09:40]} {[%emt
00:00:49]} Rfc8 {[%clk 00:10:12]} {[%emt 00:00:14]} 15. Nd5 {[%clk 00:09:14]}
{[%emt 00:00:32]} Qxd2 {[%clk 00:10:12]} {[%emt 00:00:04]} 16. Bxd2 {[%clk
00:09:11]} {[%emt 00:00:09]} Nxd5 {[%clk 00:10:15]} {[%emt 00:00:02]} 17. exd5
{[%clk 00:09:01]} {[%emt 00:00:15]} Bxb2 {[%clk 00:10:16]} {[%emt 00:00:03]} 18.
Rab1 {[%clk 00:09:02]} {[%emt 00:00:05]} Bd4+ {[%clk 00:10:19]} {[%emt
00:00:02]} 19. Kh1 {[%clk 00:09:03]} {[%emt 00:00:04]} Bxa4 {[%clk 00:10:19]}
{[%emt 00:00:04]} 20. Bd3 {[%clk 00:09:03]} {[%emt 00:00:05]} Bf6 {[%clk
00:10:11]} {[%emt 00:00:13]} 21. Rb4 {[%clk 00:08:51]} {[%emt 00:00:17]} Bd7
{[%clk 00:10:04]} {[%emt 00:00:12]} 22. Reb1 {[%clk 00:08:48]} {[%emt
00:00:09]} Rc7 {[%clk 00:09:41]} {[%emt 00:00:28]} 23. Rb6 {[%clk 00:08:09]}
{[%emt 00:00:44]} Bd4 {[%clk 00:09:40]} {[%emt 00:00:06]} 24. Rxa6 {[%clk
00:08:10]} {[%emt 00:00:05]} b5 {[%clk 00:09:26]} {[%emt 00:00:19]} 25. cxb5
{[%clk 00:07:59]} {[%emt 00:00:16]} Rc5 {[%clk 00:08:58]} {[%emt 00:00:33]} 26.
b6 {[%clk 00:07:39]} {[%emt 00:00:25]} Bc8 {[%clk 00:08:09]} {[%emt 00:00:53]}
27. Ra4 {[%clk 00:06:54]} {[%emt 00:00:51]} Bc3 {[%clk 00:06:55]} {[%emt
00:01:19]} 28. Be3 {[%clk 00:06:26]} {[%emt 00:00:32]} Rxd5 {[%clk 00:06:46]}
{[%emt 00:00:14]} 29. Be4 {[%clk 00:06:28]} {[%emt 00:00:03]} Ra5 {[%clk
00:06:49]} {[%emt 00:00:02]} 30. Rxa5 {[%clk 00:06:29]} {[%emt 00:00:05]} Bxa5
{[%clk 00:06:50]} {[%emt 00:00:04]} 31. b7 {[%clk 00:06:32]} {[%emt 00:00:02]}
Bf5 {[%clk 00:05:38]} {[%emt 00:01:16]} 32. Bxf5 {[%clk 00:06:31]} {[%emt
00:00:06]} gxf5 {[%clk 00:05:41]} {[%emt 00:00:02]} 33. Ba7 {[%clk 00:06:34]}
Bc7 {[%clk 00:05:45]} {[%emt 00:00:02]} 34. Bxb8 {[%clk 00:06:36]} {[%emt
00:00:03]} Bxb8 {[%clk 00:05:46]} {[%emt 00:00:04]} 35. Rc1 {[%clk 00:06:40]}
Kg7 {[%clk 00:05:46]} {[%emt 00:00:05]} 36. Rc8 {[%clk 00:06:44]} {[%emt
00:00:01]} Ba7 {[%clk 00:05:50]} 37. b8=Q {[%clk 00:06:47]} {[%emt 00:00:03]}
Bxb8 {[%clk 00:05:54]} 38. Rxb8 {[%clk 00:06:51]} {[%emt 00:00:01]} e6 {[%clk
00:05:57]} {[%emt 00:00:02]} 39. Kg1 {[%clk 00:06:55]} d5 {[%clk 00:06:01]}
{[%emt 00:00:01]} 40. Kf2 {[%clk 00:06:59]} Kf6 {[%clk 00:06:05]} 41. f4 {[%clk
00:07:02]} {[%emt 00:00:02]} Kg6 {[%clk 00:06:08]} {[%emt 00:00:02]} 42. Ke3
{[%clk 00:07:05]} {[%emt 00:00:01]} Kh5 {[%clk 00:06:10]} {[%emt 00:00:03]} 43.
h3 {[%clk 00:07:09]} f6 {[%clk 00:06:13]} {[%emt 00:00:02]} 44. g3 {[%clk
00:07:13]} h6 {[%clk 00:06:15]} {[%emt 00:00:03]} 45. Rb6 {[%clk 00:07:15]}
{[%emt 00:00:04]} Kg6 {[%clk 00:06:07]} {[%emt 00:00:13]} 46. Rxe6 {[%clk
00:07:19]} {[%emt 00:00:02]} Kh5 {[%clk 00:06:09]} {[%emt 00:00:03]} 47. Rxf6
{[%clk 00:07:12]} {[%emt 00:00:12]} d4+ {[%clk 00:06:12]} {[%emt 00:00:01]} 48.
Kd2 {[%clk 00:07:16]} d3 {[%clk 00:06:16]} {[%emt 00:00:02]} 49. Rxf5+ {[%clk
00:07:20]} Kg6 {[%clk 00:06:19]} {[%emt 00:00:01]} 50. g4 {[%clk 00:07:24]}
{[%emt 00:00:01]} h5 {[%clk 00:06:23]} {[%emt 00:00:02]} 51. Kxd3 {[%clk
00:07:27]} {[%emt 00:00:02]} h4 {[%clk 00:06:26]} {[%emt 00:00:01]} 52. Kd4
{[%clk 00:07:31]} {[%emt 00:00:02]} Kh6 {[%clk 00:06:30]} 53. Ke5 {[%clk
00:07:35]} {[%emt 00:00:01]} Kg6 {[%clk 00:06:34]} 54. Ke6 {[%clk 00:07:39]}
Kh6 {[%clk 00:06:38]} 55. g5 {[%clk 00:07:43]} Kh5 {[%clk 00:06:42]} 56. g6+
{[%clk 00:07:42]} {[%emt 00:00:06]} Kh6 {[%clk 00:06:44]} {[%emt 00:00:02]} 57.
Rg5 {[%clk 00:07:43]} {[%emt 00:00:04]} Kg7 {[%clk 00:06:47]} {[%emt 00:00:03]}
58. f5 {[%clk 00:07:46]} Kh8 {[%clk 00:06:49]} {[%emt 00:00:03]} 59. f6 {[%clk
00:07:50]} {[%emt 00:00:01]} Kg8 {[%clk 00:06:53]} {[%emt 00:00:02]} 60. Rh5
{[%clk 00:07:54]} Kf8 {[%clk 00:06:57]} {[%emt 00:00:01]} 61. Rh8# {[%clk
00:07:58]} 1-0

[Event "World Youth & Cadets Rapid Championships"]
[Site "Rhodes, Greece"]
[Date "2022.05.01"]
[Round "9.26"]
[White "Platonovs, Nikolajs"]
[Black "Sofronie, Vladimir"]
[Result "1-0"]
[TimeControl "10'/game & 5\"/move"]
[WhiteElo "1551"]
[BlackElo "1399"]

1. e4 {[%clk 00:10:09]} {[%emt 00:00:01]} g6 {[%clk 00:10:09]} {[%emt
00:00:01]} 2. d4 {[%clk 00:10:11]} {[%emt 00:00:03]} Bg7 {[%clk 00:10:13]}
{[%emt 00:00:01]} 3. Nc3 {[%clk 00:10:11]} {[%emt 00:00:05]} d6 {[%clk
00:10:17]} 4. f4 {[%clk 00:10:10]} {[%emt 00:00:06]} a6 {[%clk 00:10:14]}
{[%emt 00:00:09]} 5. Nf3 {[%clk 00:10:08]} {[%emt 00:00:06]} b5 {[%clk
00:10:13]} {[%emt 00:00:06]} 6. a3 {[%clk 00:09:57]} {[%emt 00:00:16]} Bb7
{[%clk 00:10:15]} {[%emt 00:00:03]} 7. Bd3 {[%clk 00:09:35]} {[%emt 00:00:26]}
Nd7 {[%clk 00:10:15]} {[%emt 00:00:06]} 8. Be3 {[%clk 00:09:25]} {[%emt
00:00:14]} Rc8 {[%clk 00:10:14]} {[%emt 00:00:07]} 9. d5 {[%clk 00:08:40]}
{[%emt 00:00:50]} c5 {[%clk 00:10:06]} {[%emt 00:00:13]} 10. dxc6 {[%clk
00:08:41]} {[%emt 00:00:04]} Bxc6 {[%clk 00:10:06]} {[%emt 00:00:05]} 11. Bd4
{[%clk 00:07:35]} {[%emt 00:01:11]} Ngf6 {[%clk 00:08:08]} {[%emt 00:02:03]} 12.
O-O {[%clk 00:07:14]} {[%emt 00:00:26]} O-O {[%clk 00:07:54]} {[%emt 00:00:19]}
13. Re1 {[%clk 00:07:15]} {[%emt 00:00:04]} Qc7 {[%clk 00:07:35]} {[%emt
00:00:23]} 14. g3 {[%clk 00:06:58]} {[%emt 00:00:21]} e5 {[%clk 00:06:57]}
{[%emt 00:00:44]} 15. fxe5 {[%clk 00:06:38]} {[%emt 00:00:25]} dxe5 {[%clk
00:07:01]} {[%emt 00:00:02]} 16. Bf2 {[%clk 00:06:25]} {[%emt 00:00:16]} Rfd8
{[%clk 00:06:09]} {[%emt 00:00:57]} 17. Qe2 {[%clk 00:06:23]} {[%emt 00:00:09]}
Nf8 {[%clk 00:05:59]} {[%emt 00:00:12]} 18. Rad1 {[%clk 00:06:12]} {[%emt
00:00:18]} Ng4 {[%clk 00:05:51]} {[%emt 00:00:13]} 19. h3 {[%clk 00:05:19]}
{[%emt 00:00:59]} Nxf2 {[%clk 00:05:54]} {[%emt 00:00:02]} 20. Qxf2 {[%clk
00:05:21]} {[%emt 00:00:02]} Ne6 {[%clk 00:05:54]} {[%emt 00:00:06]} 21. Kh2
{[%clk 00:04:58]} {[%emt 00:00:28]} Bb7 {[%clk 00:05:38]} {[%emt 00:00:22]} 22.
Rf1 {[%clk 00:04:16]} {[%emt 00:00:47]} h6 {[%clk 00:04:53]} {[%emt 00:00:49]}
23. Rd2 {[%clk 00:03:26]} {[%emt 00:00:55]} Nc5 {[%clk 00:04:17]} {[%emt
00:00:41]} 24. Rfd1 {[%clk 00:02:57]} {[%emt 00:00:35]} Rd7 {[%clk 00:03:59]}
{[%emt 00:00:23]} 25. Qe2 {[%clk 00:02:47]} {[%emt 00:00:15]} Rcd8 {[%clk
00:03:48]} {[%emt 00:00:16]} 26. h4 {[%clk 00:02:35]} {[%emt 00:00:17]} h5
{[%clk 00:03:30]} {[%emt 00:00:23]} 27. Rf1 {[%clk 00:02:08]} {[%emt 00:00:32]}
Nxd3 {[%clk 00:02:59]} {[%emt 00:00:37]} 28. cxd3 {[%clk 00:01:59]} {[%emt
00:00:12]} Rd6 {[%clk 00:02:26]} {[%emt 00:00:38]} 29. Ne1 {[%clk 00:01:59]}
{[%emt 00:00:06]} R8d7 {[%clk 00:02:20]} {[%emt 00:00:10]} 30. Rf3 {[%clk
00:01:48]} {[%emt 00:00:17]} Rd4 {[%clk 00:02:06]} {[%emt 00:00:16]} 31. Rc2
{[%clk 00:01:37]} {[%emt 00:00:20]} Qb6 {[%clk 00:01:51]} {[%emt 00:00:13]} 32.
Qf1 {[%clk 00:01:32]} {[%emt 00:00:17]} b4 {[%clk 00:01:46]} {[%emt 00:00:09]}
33. axb4 {[%clk 00:01:07]} {[%emt 00:00:31]} Qxb4 {[%clk 00:01:49]} {[%emt
00:00:02]} 34. Rcf2 {[%clk 00:01:08]} {[%emt 00:00:04]} Qb3 {[%clk 00:01:49]}
{[%emt 00:00:04]} 35. Ne2 {[%clk 00:00:45]} {[%emt 00:00:30]} Ra4 {[%clk
00:01:43]} {[%emt 00:00:02]} 36. Nc1 {[%clk 00:00:44]} {[%emt 00:00:13]} Qe6
{[%clk 00:01:41]} {[%emt 00:00:05]} 37. Ne2 {[%clk 00:00:37]} {[%emt 00:00:15]}
Ra2 {[%clk 00:01:44]} {[%emt 00:00:02]} 38. Nc3 {[%clk 00:00:40]} {[%emt
00:00:02]} Ra1 {[%clk 00:01:41]} {[%emt 00:00:08]} 39. Qe2 {[%clk 00:00:30]}
{[%emt 00:00:15]} Ra5 {[%clk 00:01:29]} {[%emt 00:00:11]} 40. Nc2 {[%clk
00:00:30]} {[%emt 00:00:10]} Rc5 {[%clk 00:01:31]} {[%emt 00:00:04]} 41. Ne3
{[%clk 00:00:20]} {[%emt 00:00:15]} Rc8 {[%clk 00:01:10]} {[%emt 00:00:23]} 42.
Ned5 {[%clk 00:00:18]} {[%emt 00:00:10]} Bxd5 {[%clk 00:01:14]} {[%emt
00:00:02]} 43. Nxd5 {[%clk 00:00:21]} Rb8 {[%clk 00:01:05]} {[%emt 00:00:12]}
44. Qf1 {[%clk 00:00:14]} {[%emt 00:00:13]} f5 {[%clk 00:00:53]} {[%emt
00:00:17]} 45. Nc3 {[%clk 00:00:09]} {[%emt 00:00:12]} fxe4 {[%clk 00:00:49]}
{[%emt 00:00:09]} 46. dxe4 {[%clk 00:00:07]} {[%emt 00:00:06]} Rdb7 {[%clk
00:00:51]} {[%emt 00:00:02]} 47. Qg2 {[%clk 00:00:08]} {[%emt 00:00:04]} Qc4
{[%clk 00:00:43]} {[%emt 00:00:13]} 48. Re3 {[%clk 00:00:09]} {[%emt 00:00:04]}
Bh6 {[%clk 00:00:46]} {[%emt 00:00:03]} 49. Re1 {[%clk 00:00:10]} {[%emt
00:00:04]} Bg7 {[%clk 00:00:38]} {[%emt 00:00:12]} 50. Nd5 {[%clk 00:00:13]}
{[%emt 00:00:02]} Qc6 {[%clk 00:00:33]} {[%emt 00:00:07]} 51. Ref1 {[%clk
00:00:13]} {[%emt 00:00:08]} Qe6 {[%clk 00:00:32]} {[%emt 00:00:05]} 52. Kh1
{[%clk 00:00:06]} {[%emt 00:00:13]} Kh8 {[%clk 00:00:35]} 53. Kh2 {[%clk
00:00:10]} {[%emt 00:00:02]} Qc6 {[%clk 00:00:25]} {[%emt 00:00:15]} 54. Qh3
{[%clk 00:00:06]} {[%emt 00:00:09]} Rxb2 {[%clk 00:00:26]} {[%emt 00:00:04]} 55.
Qg2 {[%clk 00:00:08]} {[%emt 00:00:03]} Rxf2 {[%clk 00:00:30]} {[%emt
00:00:01]} 56. Rxf2 {[%clk 00:00:10]} {[%emt 00:00:03]} Qe6 {[%clk 00:00:30]}
{[%emt 00:00:04]} 57. Qf1 {[%clk 00:00:11]} {[%emt 00:00:05]} a5 {[%clk
00:00:31]} {[%emt 00:00:04]} 58. Qa1 {[%clk 00:00:11]} {[%emt 00:00:03]} Qa6
{[%clk 00:00:29]} {[%emt 00:00:07]} 59. Qa4 {[%emt 00:00:13]} Rd8 {[%clk
00:00:24]} {[%emt 00:00:01]} 60. Qc2 {[%clk 00:00:08]} {[%emt 00:00:11]} Rc8
{[%clk 00:00:26]} {[%emt 00:00:03]} 61. Qa4 {[%clk 00:00:11]} {[%emt 00:00:02]}
Kh7 {[%clk 00:00:27]} {[%emt 00:00:05]} 62. Qd7 {[%clk 00:00:12]} {[%emt
00:00:02]} Rb8 {[%clk 00:00:13]} {[%emt 00:00:14]} 63. Nf6+ {[%clk 00:00:11]}
{[%emt 00:00:13]} Kh6 {[%clk 00:00:15]} {[%emt 00:00:01]} 64. Nd5 {[%clk
00:00:11]} {[%emt 00:00:05]} Rb3 {[%clk 00:00:13]} {[%emt 00:00:05]} 65. Qf7
{[%clk 00:00:11]} {[%emt 00:00:08]} Qd3 {[%clk 00:00:11]} {[%emt 00:00:07]} 66.
Rg2 {[%clk 00:00:10]} {[%emt 00:00:06]} Qxe4 {[%clk 00:00:12]} {[%emt
00:00:03]} 67. Ne7 {[%clk 00:00:11]} {[%emt 00:00:05]} Qd3 {[%clk 00:00:07]}
{[%emt 00:00:10]} 68. Ng8+ {[%clk 00:00:06]} {[%emt 00:00:10]} 1-0

[Event "World Youth & Cadets Rapid Championships"]
[Site "Rhodes, Greece"]
[Date "2022.05.01"]
[Round "9.28"]
[White "Modith, Aaroh Mutyalapati"]
[Black "Safin, Safarullakhan"]
[Result "1-0"]
[TimeControl "10'/game & 5\"/move"]
[WhiteElo "1598"]
[BlackElo "1355"]

1. e4 {[%clk 00:10:09]} {[%emt 00:00:01]} e6 {[%clk 00:10:09]} {[%emt
00:00:02]} 2. d4 {[%clk 00:10:12]} {[%emt 00:00:01]} d5 {[%clk 00:10:12]}
{[%emt 00:00:02]} 3. exd5 {[%clk 00:10:16]} {[%emt 00:00:01]} exd5 {[%clk
00:10:13]} {[%emt 00:00:04]} 4. c4 {[%clk 00:10:20]} {[%emt 00:00:01]} Bb4+
{[%clk 00:10:12]} {[%emt 00:00:07]} 5. Bd2 {[%clk 00:10:20]} {[%emt 00:00:05]}
a5 {[%clk 00:10:05]} {[%emt 00:00:12]} 6. Nc3 {[%clk 00:09:54]} {[%emt
00:00:30]} Nf6 {[%clk 00:10:06]} {[%emt 00:00:05]} 7. Nf3 {[%clk 00:09:54]}
{[%emt 00:00:04]} c6 {[%clk 00:09:56]} {[%emt 00:00:15]} 8. cxd5 {[%clk
00:09:54]} {[%emt 00:00:05]} cxd5 {[%clk 00:09:57]} {[%emt 00:00:05]} 9. Bb5+
{[%clk 00:09:57]} {[%emt 00:00:02]} Nc6 {[%clk 00:09:54]} {[%emt 00:00:07]} 10.
O-O {[%clk 00:07:50]} {[%emt 00:00:04]} O-O {[%clk 00:09:56]} {[%emt 00:02:11]}
11. Bg5 {[%clk 00:07:45]} {[%emt 00:00:10]} Be6 {[%clk 00:09:53]} {[%emt
00:00:08]} 12. Ne5 {[%clk 00:07:41]} {[%emt 00:00:09]} Rc8 {[%clk 00:09:48]}
{[%emt 00:00:10]} 13. a3 {[%clk 00:07:21]} {[%emt 00:00:25]} Bxc3 {[%clk
00:09:46]} {[%emt 00:00:07]} 14. bxc3 {[%clk 00:07:20]} {[%emt 00:00:06]} h6
{[%clk 00:09:21]} {[%emt 00:00:30]} 15. Bxf6 {[%clk 00:07:06]} {[%emt
00:00:19]} Qxf6 {[%clk 00:09:21]} {[%emt 00:00:05]} 16. Bxc6 {[%clk 00:07:04]}
{[%emt 00:00:06]} bxc6 {[%clk 00:09:22]} {[%emt 00:00:05]} 17. f4 {[%clk
00:07:06]} {[%emt 00:00:03]} Bf5 {[%clk 00:09:03]} {[%emt 00:00:24]} 18. g4
{[%clk 00:06:55]} {[%emt 00:00:17]} Be4 {[%clk 00:08:23]} {[%emt 00:00:45]} 19.
Nd7 {[%clk 00:06:55]} {[%emt 00:00:04]} Qh4 {[%clk 00:08:12]} {[%emt 00:00:15]}
20. Nxf8 {[%clk 00:06:54]} {[%emt 00:00:07]} Rxf8 {[%clk 00:08:08]} {[%emt
00:00:08]} 21. Ra2 {[%clk 00:06:10]} {[%emt 00:00:51]} Qh3 {[%clk 00:07:58]}
{[%emt 00:00:14]} 22. Qe1 {[%clk 00:04:56]} {[%emt 00:01:19]} Qxg4+ {[%clk
00:06:58]} {[%emt 00:01:05]} 23. Qg3 {[%clk 00:04:59]} {[%emt 00:00:03]} Qf5
{[%clk 00:06:52]} {[%emt 00:00:11]} 24. h3 {[%clk 00:04:41]} {[%emt 00:00:22]}
Qe6 {[%clk 00:06:33]} {[%emt 00:00:24]} 25. Kh2 {[%clk 00:04:37]} {[%emt
00:00:09]} g6 {[%clk 00:06:22]} {[%emt 00:00:16]} 26. Raf2 {[%clk 00:04:35]}
{[%emt 00:00:07]} Kh7 {[%clk 00:06:18]} {[%emt 00:00:08]} 27. Re1 {[%clk
00:04:04]} {[%emt 00:00:37]} Qd7 {[%clk 00:05:15]} {[%emt 00:01:08]} 28. h4
{[%clk 00:04:02]} {[%emt 00:00:08]} Rg8 {[%clk 00:04:12]} {[%emt 00:01:08]} 29.
Rg1 {[%clk 00:04:00]} {[%emt 00:00:07]} Qe7 {[%clk 00:03:44]} {[%emt 00:00:33]}
30. f5 {[%clk 00:03:40]} {[%emt 00:00:25]} g5 {[%clk 00:03:11]} {[%emt
00:00:38]} 31. f6 {[%clk 00:03:30]} {[%emt 00:00:15]} Qxa3 {[%clk 00:03:04]}
{[%emt 00:00:12]} 32. Qc7 {[%clk 00:03:00]} {[%emt 00:00:35]} Qf8 {[%clk
00:02:55]} {[%emt 00:00:13]} 33. h5 {[%clk 00:02:54]} {[%emt 00:00:11]} Qb8
{[%clk 00:02:38]} {[%emt 00:00:23]} 34. Qxb8 {[%clk 00:02:52]} {[%emt
00:00:06]} Rxb8 {[%clk 00:02:41]} {[%emt 00:00:02]} 35. Ra2 {[%clk 00:02:53]}
{[%emt 00:00:05]} Rb3 {[%clk 00:02:25]} {[%emt 00:00:20]} 36. Rxa5 {[%clk
00:02:56]} {[%emt 00:00:02]} Rxc3 {[%clk 00:02:23]} {[%emt 00:00:07]} 37. Ra7
{[%clk 00:02:23]} {[%emt 00:00:39]} Kg8 {[%clk 00:02:09]} {[%emt 00:00:18]} 38.
Ra8+ {[%clk 00:02:23]} {[%emt 00:00:05]} Kh7 {[%clk 00:02:13]} {[%emt
00:00:02]} 39. Rf8 {[%clk 00:02:24]} {[%emt 00:00:04]} Rc2+ {[%clk 00:02:15]}
{[%emt 00:00:03]} 40. Kg3 {[%clk 00:02:27]} {[%emt 00:00:02]} Rc3+ {[%clk
00:02:17]} {[%emt 00:00:03]} 41. Kh2 {[%clk 00:02:03]} {[%emt 00:00:29]} Rc2+
{[%clk 00:02:14]} {[%emt 00:00:08]} 42. Kg3 {[%clk 00:01:55]} {[%emt 00:00:12]}
Rc3+ {[%clk 00:02:17]} {[%emt 00:00:02]} 43. Kh2 {[%clk 00:01:47]} {[%emt
00:00:13]} Rc2+ {[%clk 00:02:21]} {[%emt 00:00:02]} 44. Kh3 {[%clk 00:01:49]}
{[%emt 00:00:02]} Rc3+ {[%clk 00:02:24]} {[%emt 00:00:02]} 45. Rg3 {[%clk
00:01:47]} {[%emt 00:00:08]} Bf5+ {[%clk 00:02:25]} {[%emt 00:00:03]} 46. Kh2
{[%clk 00:01:51]} {[%emt 00:00:02]} Rc2+ {[%clk 00:02:19]} {[%emt 00:00:11]} 47.
Rg2 {[%clk 00:01:54]} {[%emt 00:00:01]} Rxg2+ {[%clk 00:02:07]} {[%emt
00:00:16]} 48. Kxg2 {[%clk 00:01:57]} {[%emt 00:00:03]} Be6 {[%clk 00:02:11]}
{[%emt 00:00:01]} 49. Kg3 {[%clk 00:01:53]} {[%emt 00:00:10]} g4 {[%clk
00:01:57]} {[%emt 00:00:18]} 50. Kf4 {[%clk 00:01:57]} {[%emt 00:00:01]} c5
{[%clk 00:01:56]} {[%emt 00:00:06]} 51. dxc5 {[%clk 00:01:59]} {[%emt
00:00:03]} d4 {[%clk 00:02:00]} {[%emt 00:00:01]} 52. c6 {[%clk 00:02:01]}
{[%emt 00:00:03]} d3 {[%clk 00:01:59]} {[%emt 00:00:06]} 53. Rd8 {[%clk
00:01:56]} {[%emt 00:00:10]} d2 {[%clk 00:01:40]} {[%emt 00:00:25]} 54. Rxd2
{[%clk 00:01:59]} {[%emt 00:00:01]} g3 {[%clk 00:01:34]} {[%emt 00:00:11]} 55.
Kxg3 {[%clk 00:02:02]} {[%emt 00:00:02]} Kg8 {[%clk 00:01:36]} {[%emt
00:00:04]} 56. c7 {[%clk 00:02:02]} {[%emt 00:00:05]} Kh7 {[%clk 00:01:39]}
{[%emt 00:00:01]} 57. Re2 {[%clk 00:01:59]} {[%emt 00:00:08]} Bf5 {[%clk
00:01:34]} {[%emt 00:00:10]} 58. Kf4 {[%clk 00:02:02]} {[%emt 00:00:02]} Bh3
{[%clk 00:01:32]} {[%emt 00:00:08]} 59. Rc2 {[%clk 00:01:50]} {[%emt 00:00:17]}
Be6 {[%emt 00:00:10]} 60. Rc6 {[%clk 00:01:53]} Bd7 {[%clk 00:01:26]} {[%emt
00:00:07]} 61. Ke5 {[%clk 00:01:48]} {[%emt 00:00:10]} Bc8 {[%clk 00:01:18]}
{[%emt 00:00:13]} 62. Kd6 {[%clk 00:01:52]} Be6 {[%clk 00:01:20]} {[%emt
00:00:03]} 63. Ke7 {[%clk 00:01:56]} {[%emt 00:00:02]} Kg8 {[%clk 00:00:47]}
{[%emt 00:00:37]} 64. Rxe6 {[%clk 00:01:47]} {[%emt 00:00:14]} fxe6 {[%clk
00:00:48]} {[%emt 00:00:05]} 65. f7+ {[%clk 00:01:50]} {[%emt 00:00:01]} Kh7
{[%clk 00:00:50]} {[%emt 00:00:03]} 66. f8=N {[%clk 00:01:52]} {[%emt
00:00:04]} Kg7 {[%clk 00:00:51]} {[%emt 00:00:03]} 67. c8=Q {[%clk 00:01:48]}
{[%emt 00:00:09]} Kg8 {[%clk 00:00:52]} {[%emt 00:00:04]} 68. Nxe6+ {[%clk
00:01:50]} {[%emt 00:00:03]} Kh7 {[%clk 00:00:56]} {[%emt 00:00:01]} 69. Qc2
{[%clk 00:01:51]} {[%emt 00:00:04]} Kg8 {[%clk 00:01:00]} {[%emt 00:00:01]} 70.
Qg6+ {[%clk 00:01:55]} {[%emt 00:00:01]} Kh8 {[%clk 00:01:04]} 71. Qg7+ {[%clk
00:01:59]} {[%emt 00:00:01]} 1-0